Science Quest Water Treatment

Gorde:
Xehetasun bibliografikoak
Beste egile batzuk: Polk Government
Formatua: Liburua
Hizkuntza:ingelesa
Gaiak:
Sarrera elektronikoa:Science Quest Water Treatment
Etiketak: Etiketa erantsi
Etiketarik gabe, Izan zaitez lehena erregistro honi etiketa jartzen!

MARC

LEADER 00000nam a22000004a 4500
001 vpro6270
005 20201223000000.0
008 130801s2013 ck # g## #001 0#eng#d
020
022
040 |a CO-BoINGC 
041 0 |a eng 
245 1 0 |a Science Quest Water Treatment 
246 |a Science Quest Water Treatment 
264 |a Bogot ̀(Colombia) :  |b Revista VirtualPRO,  |c 2013 
520 3
650 \ \
650 \ \
650 \ \
650 \ \ |a   
700 \ \ |a Polk Government 
856 |z Science Quest Water Treatment  |u https://virtualpro.unach.elogim.com/biblioteca/science-quest-water-treatment